Women in perspective : (Record no. 93972)

MARC details
000 -LEADER
fixed length control field 00940nam a22002417a 4500
005 - DATE AND TIME OF LATEST TRANSACTION
control field 20150707160311.0
010 ## - LCCN (DPL NO)
LC control number ENG-113178
020 ## - INTERNATIONAL STANDARD BOOK NUMBER
Terms of availability 595.00
International Standard Book Number 9788189766245
035 ## - SYSTEM CONTROL NUMBER
System control number EN-96710
037 ## - SOURCE OF ACQUISITION
Source of stock number/acquisition DBAD/PUB
082 ## - DEWEY DECIMAL CLASSIFICATION NUMBER
Classification number 362.880820954
100 ## - MAIN ENTRY--PERSONAL NAME
Personal name Chatterji, Shoma A.
245 ## - TITLE STATEMENT
Title Women in perspective :
Statement of responsibility, etc by Shoma A. Chatterji
Remainder of title essays on gender issues /
260 ## - PUBLICATION, DISTRIBUTION, ETC. (IMPRINT)
Name of publisher, distributor, etc Vitasta Publishing
Date of publication, distribution, etc 2010
Place of publication, distribution, etc New Delhi
270 ## - ADDRESS
City New Delhi
Postal code 110002
Address 2/15, First Floor, Ansari Road, DaryaGanj,
300 ## - PHYSICAL DESCRIPTION
Extent xvi,226p.
Dimensions 23cm(Hb)
500 ## - GENERAL NOTE
General note Includes bibliographical references (p. [217]-226).
505 ## - FORMATTED CONTENTS NOTE
Formatted contents note pt. 1. Introduction -- pt. 2. Gender and violence -- pt. 3. Women, gender and society -- pt. 4. Women and Indian economy.
650 ## - SUBJECT ADDED ENTRY--TOPICAL TERM
Topical term or geographic name as entry element Women
General subdivision Violence against
Geographic subdivision India.
650 ## - SUBJECT ADDED ENTRY--TOPICAL TERM
Topical term or geographic name as entry element Women in development
Geographic subdivision India.
650 ## - SUBJECT ADDED ENTRY--TOPICAL TERM
Topical term or geographic name as entry element Women
Geographic subdivision India
General subdivision Social conditions.
942 ## - ADDED ENTRY ELEMENTS (KOHA)
Source of classification or shelving scheme Dewey Decimal Classification
Item type English Books
Call number suffix CHA
Classification part 362.880820954
Holdings
Withdrawn status Lost status Not for loan Collection code Home library Current library Date acquired Source of acquisition Cost, normal purchase price Full call number Barcode Copy number Cost, replacement price Koha item type
    Not For Loan Non-fiction D.B.Act.Division D.B.Act.Division 27/05/2015 DBAD/PUB 595.00 CHA EN-96710 1 595.00 English Books

© Delhi Public Library
Hit Counter
free hit counter